000
00242 a2200097 4500
001
51104
100
_a
Arbenz K
245
_a
Mathematical Methods of information transmission
260
_a
Washington
_b
Artech House
_c
090
_c
32364
_d
32364
942
_a
NUST-CAE
_c
M
_c
24852
999
_c
286177
_d
286177